Normal view
MARC view
- Ayaz Asif, Bilal Hassan, Amna Hafeez Awan
Entry Personal Name
001 - CONTROL NUMBER
- control field: 55053
003 - CONTROL NUMBER IDENTIFIER
- control field: NUST
005 - DATE AND TIME OF LATEST TRANSACTION
- control field: 20210421120128.0
008 - FIXED-LENGTH DATA ELEMENTS
- fixed length control field: 210421|| aca||aabn | a|a d
040 ## - CATALOGING SOURCE
- Original cataloging agency: NUST
- Transcribing agency: NUST
100 ## - HEADING--PERSONAL NAME
- Personal name: Ayaz Asif, Bilal Hassan, Amna Hafeez Awan
670 ## - SOURCE DATA FOUND
- Source citation: Work cat.: (NUST): Ayaz Asif, Bilal Hassan, Amna Hafeez Awan., Design and Fabrication of Apparatus for Sulfide Corrosion Testing of Stainless Steel in Oil Refineries with CD (UG-MAT-2016), 2016SCME.
